Seleccion de Poemas / (Record no. 121461)

MARC details
000 -LEADER
fixed length control field 00602cam a2200205 4500
008 - FIXED-LENGTH DATA ELEMENTS--GENERAL INFORMATION
fixed length control field 1967 spa
050 #4 - LIBRARY OF CONGRESS CALL NUMBER
Classification number PQ8179
Item number G88 1967
100 1# - MAIN ENTRY--PERSONAL NAME
Personal name Gutiérrez, Ricardo
245 #0 - TITLE STATEMENT
Title Seleccion de Poemas /
Statement of responsibility, etc Ricardo Gutiérrez, Olegario Víctor Andrade.
260 ## - PUBLICATION, DISTRIBUTION, ETC. (IMPRINT)
Place of publication, distribution, etc Buenos Aires :
Name of publisher, distributor, etc Centro Editor de América Latina,
Date of publication, distribution, etc 1967
300 ## - PHYSICAL DESCRIPTION
Extent 116 p.
440 #0 - SERIES STATEMENT/ADDED ENTRY--TITLE
Title Biblioteca Argentina Fundamental
500 ## - GENERAL NOTE
General note 1 ejem.
505 ## - FORMATTED CONTENTS NOTE
Formatted contents note BFIL
650 #4 - SUBJECT ADDED ENTRY--TOPICAL TERM
Topical term or geographic name as entry element Poesia
700 1# - ADDED ENTRY--PERSONAL NAME
Personal name Andrade, Olegario Víctor,
Relator term coaut.
942 ## - ADDED ENTRY ELEMENTS (KOHA)
Source of classification or shelving scheme Biblioteca del Cogreso de los Estados Unidos
Koha item type Libro
Holdings
Estado de pérdida Fuente de clasificación Estado del daño No para préstamo Ubicación permanente Ubicación actual Apartado o colección Fecha de adquisición Edición Dependencia de educación superior (DES) Área del conocimiento Clasificación Código de Barras Date last seen Número de copia Tipo de recurso
  Biblioteca del Cogreso de los Estados Unidos     Biblioteca de la Facultad de Filosofía Biblioteca de la Facultad de Filosofía General 14/11/2016 1a. ed. Humanidades Educación y Humanidades PQ8179 G88 1967 BFF000020519 14/11/2016 C:1 Libro